| Поле | Название | Значение |
| |
Тип записи |
a |
| |
Библиографический уровень |
m |
| 001 |
Контрольный номер |
RU/URAIT/583132 |
| 005 |
Дата корректировки |
20260429163655.8 |
| 008 |
Кодируемые данные |
260429s2026 RU y f j 000 0 rus u |
| 020 |
Индекс ISBN |
__ |
| a |
ISBN |
978-5-534-06006-5 |
| c |
Цена, тираж |
1769.00 |
| 040 |
Источник каталогиз. |
__ |
| a |
Служба первич. каталог. |
ИКО Юрайт |
| c |
Служба, преобразующая запись |
ИКО Юрайт |
| e |
Правила каталог. |
RCR |
| 041 |
Код языка издания |
__ |
| a |
Код языка текста |
rus |
| 044 |
Код страны публикации |
__ |
| a |
Код страны публикации |
RU |
| 080 |
Индекс УДК |
__ |
| a |
Индекс УДК |
338.2(075.8) |
| 084 |
Индекс другой классификации/Индекс ББК |
__ |
| 2 |
Источник индекса |
rubbk |
| a |
Индекс другой классификации/Индекс ББК |
65.050я73 |
| 100 |
Автор |
__ |
| a |
Автор |
Зуб А. Т. |
| q |
Полное имя |
Зуб Анатолий Тимофеевич |
| 245 |
Заглавие |
__ |
| a |
Заглавие |
Принятие управленческих решений |
| b |
Продолж. заглавия |
учебник и практикум для вузов |
| c |
Ответственность |
А. Т. Зуб. |
| 250 |
Сведения об издании |
__ |
| g |
|
испр. и доп |
| a |
Основные сведения об издании |
2-е изд. |
| 256 |
Характеристики компьютерного файла |
__ |
| a |
Характеристики компьютерного файла |
Электрон. дан. |
| 260 |
Выходные данные |
__ |
| a |
Место издания |
Москва |
| b |
Издательство |
Юрайт |
| c |
Дата издания |
2026 |
| 300 |
Физическое описание |
__ |
| a |
Объем |
332 с |
| 440 |
Серия |
__ |
| a |
Серия |
Высшее образование |
| 500 |
Примечания |
__ |
| a |
Примечание |
URL: https://urait.ru/bcode/583132 (дата обращения: 29.04.2026). |
| 520 |
Аннотация |
__ |
| a |
Аннотация |
В учебнике представлены основные концепции, подходы и нормы принятия управленческих решений в коммерческих и некоммерческих организациях. В главах рассматриваются типы и уровни принимаемых решений, их источники, описывается процесс рационального принятия решений и конкретных методик, позволяющих получить лучшие решения, разработка, оценка и выбор альтернатив. Представлены к изучению рациональные и не рациональные аргументы, связанные с психологическим состоянием субъекта принятия решений; технологии развития принятых решений и реализация их через умение подобрать подходящие управленческие методы, инструменты принятия решений, прогноз, оценка рисков и управление реализацией решений в условиях неопределенности. |
| 538 |
Прим. о системных особенностях |
__ |
| a |
Прим. о системных особенностях |
Режим доступа: Электронно-библиотечная система Юрайт, для авториз. пользователей |
| 653 |
Ключевые слова |
__ |
| a |
Ключевые слова |
Управление персоналом. Управление человеческими ресурсами |
| 653 |
Ключевые слова |
__ |
| a |
Ключевые слова |
Менеджмент |
| 653 |
Ключевые слова |
__ |
| a |
Ключевые слова |
Управленческие решения |
| 653 |
Ключевые слова |
__ |
| a |
Ключевые слова |
Методы принятия управленческих решений |
| 653 |
Ключевые слова |
__ |
| a |
Ключевые слова |
Теория и практика принятия управленческих решений |
| 653 |
Ключевые слова |
__ |
| a |
Ключевые слова |
Методы и модели в принятии управленческих решений |
| 653 |
Ключевые слова |
__ |
| a |
Ключевые слова |
Принятие управленческих решений |
| 653 |
Ключевые слова |
__ |
| a |
Ключевые слова |
Разработка и принятие управленческих решений |
| 653 |
Ключевые слова |
__ |
| a |
Ключевые слова |
Разработка управленческих решений |
| 653 |
Ключевые слова |
__ |
| a |
Ключевые слова |
Качественные и количественные методы разработки и принятия управленческих решений |
| 653 |
Ключевые слова |
__ |
| a |
Ключевые слова |
Технология разработки и принятия управленческих решений |
| 653 |
Ключевые слова |
__ |
| a |
Ключевые слова |
Технология разработки и принятия управленческого решения |
| 653 |
Ключевые слова |
__ |
| a |
Ключевые слова |
Разработка и реализация управленческих решений |
| 653 |
Ключевые слова |
__ |
| a |
Ключевые слова |
Разработка управленческого решения |
| 653 |
Ключевые слова |
__ |
| a |
Ключевые слова |
Методы управленческих решений |
| 653 |
Ключевые слова |
__ |
| a |
Ключевые слова |
Управленческие решения и ответственность |
| 653 |
Ключевые слова |
__ |
| a |
Ключевые слова |
Методология принятия управленческого решения |
| 653 |
Ключевые слова |
__ |
| a |
Ключевые слова |
Формирование управленческого решения в команде |
| 653 |
Ключевые слова |
__ |
| a |
Ключевые слова |
Информационно-коммуникационное обеспечение разработки и принятия государственных решений |
| 653 |
Ключевые слова |
__ |
| a |
Ключевые слова |
Современные модели принятия управленческих решений |
| 653 |
Ключевые слова |
__ |
| a |
Ключевые слова |
Технологии принятия управленческих решений |
| 653 |
Ключевые слова |
__ |
| a |
Ключевые слова |
Технология принятия управленческих решений |
| 653 |
Ключевые слова |
__ |
| a |
Ключевые слова |
Основы принятия управленческих решений |
| 653 |
Ключевые слова |
__ |
| a |
Ключевые слова |
Теория принятия управленческих решений |
| 653 |
Ключевые слова |
__ |
| a |
Ключевые слова |
Принятие управленческих решений в коммерческой деятельности |
| 653 |
Ключевые слова |
__ |
| a |
Ключевые слова |
Разработка управленческого решения в государственном и муниципальном управлении |
| 653 |
Ключевые слова |
__ |
| a |
Ключевые слова |
Организационно-управленческие решения |
| 653 |
Ключевые слова |
__ |
| a |
Ключевые слова |
Методы оптимальных управленческих решений |
| 653 |
Ключевые слова |
__ |
| a |
Ключевые слова |
Принятие управленческих решений в органах государственной и муниципальной власти |
| 653 |
Ключевые слова |
__ |
| a |
Ключевые слова |
Информационное обеспечение управленческих решений |
| 653 |
Ключевые слова |
__ |
| a |
Ключевые слова |
Теория и методы принятия управленческих решений |
| 653 |
Ключевые слова |
__ |
| a |
Ключевые слова |
Методы оптимизации управленческих решений |
| 653 |
Ключевые слова |
__ |
| a |
Ключевые слова |
Методы разработки и принятия управленческих решений |
| 653 |
Ключевые слова |
__ |
| a |
Ключевые слова |
Аналитическое обеспечение принятия управленческих решений в международном бизнесе |
| 653 |
Ключевые слова |
__ |
| a |
Ключевые слова |
Управленческие решения в кадровой работе |
| 653 |
Ключевые слова |
__ |
| a |
Ключевые слова |
Принятие и исполнение управленческих решений |
| 653 |
Ключевые слова |
__ |
| a |
Ключевые слова |
Техника принятия эффективных управленческих решений в трудовой сфере |
| 653 |
Ключевые слова |
__ |
| a |
Ключевые слова |
Разработка управленческих решений в кадровой работе |
| 653 |
Ключевые слова |
__ |
| a |
Ключевые слова |
Теория и практика разработки и принятия управленческих решений |
| 653 |
Ключевые слова |
__ |
| a |
Ключевые слова |
Деловые коммуникации и практика принятия управленческих решений |
| 653 |
Ключевые слова |
__ |
| a |
Ключевые слова |
Разработка управленческих решений в проекте |
| 653 |
Ключевые слова |
__ |
| a |
Ключевые слова |
Разработка управленческих решений в антикризисном управлении |
| 653 |
Ключевые слова |
__ |
| a |
Ключевые слова |
Управленческие решения в проектах и программах |
| 653 |
Ключевые слова |
__ |
| a |
Ключевые слова |
Процесс принятия управленческих решений |
| 653 |
Ключевые слова |
__ |
| a |
Ключевые слова |
Автоматизация управленческих решений в системе управления персоналом |
| 653 |
Ключевые слова |
__ |
| a |
Ключевые слова |
Автоматизация управленческих решений в системе управления персоналом организаций воздушного транспорта |
| 653 |
Ключевые слова |
__ |
| a |
Ключевые слова |
Управленческие решения в системе воздушного транспорта |
| 653 |
Ключевые слова |
__ |
| a |
Ключевые слова |
Современные механизмы разработки и принятия управленческих решений |
| 653 |
Ключевые слова |
__ |
| a |
Ключевые слова |
Методы принятия управленческих решений, исследование систем управления |
| 653 |
Ключевые слова |
__ |
| a |
Ключевые слова |
Информационное обеспечение принятия управленческих решений |
| 653 |
Ключевые слова |
__ |
| a |
Ключевые слова |
Общий менеджмент и принятие управленческих решений |
| 653 |
Ключевые слова |
__ |
| a |
Ключевые слова |
Принятие управленческих решений в предпринимательстве |
| 653 |
Ключевые слова |
__ |
| a |
Ключевые слова |
Разработка и принятие управленческих решений в бизнесе |
| 653 |
Ключевые слова |
__ |
| a |
Ключевые слова |
Методы разработки управленческих решений |
| 653 |
Ключевые слова |
__ |
| a |
Ключевые слова |
Основы теории принятия управленческих решений |
| 653 |
Ключевые слова |
__ |
| a |
Ключевые слова |
Документационное обеспечение управленческих решений |
| 653 |
Ключевые слова |
__ |
| a |
Ключевые слова |
Разработка, принятие и оптимизация управленческих решений в проектной деятельности |
| 653 |
Ключевые слова |
__ |
| a |
Ключевые слова |
Управленческие решения и коммуникации |
| 653 |
Ключевые слова |
__ |
| a |
Ключевые слова |
Методы принятии управленческих решений |
| 653 |
Ключевые слова |
__ |
| a |
Ключевые слова |
Методы принятий управленческих решений |
| 653 |
Ключевые слова |
__ |
| a |
Ключевые слова |
Методология анализа, принятия и оценки управленческих решений |
| 653 |
Ключевые слова |
__ |
| a |
Ключевые слова |
Принятие управленческих решений в региональном и местном управлении |
| 653 |
Ключевые слова |
__ |
| a |
Ключевые слова |
Методы принятия и исполнения управленческих решений |
| 653 |
Ключевые слова |
__ |
| a |
Ключевые слова |
Теория и практика принятия организационно-управленческих решений |
| 653 |
Ключевые слова |
__ |
| a |
Ключевые слова |
Принятие управленческих решений в государственном и муниципальном управлении |
| 653 |
Ключевые слова |
__ |
| a |
Ключевые слова |
Моделирование управленческих решений |
| 653 |
Ключевые слова |
__ |
| a |
Ключевые слова |
Принятие управленческого решения |
| 856 |
Электронный адрес документа |
40 |
| n |
Местонахождение сервера |
Юрайт |
| g |
|
Электронная книга |
| q |
Тип электронного формата |
html |
| h |
Имя пользователя |
ЮРАЙТ |
| v |
Часы доступа к ресурсу |
20271231 |
| 2 |
Способ доступа |
Показать документ |
| x |
Служебное примечание |
https://urait.ru/book/cover/BD1213EE-5AC5-4E79-86A3-14050EC6DC8A |
| u |
URL |
https://urait.ru/bcode/583132 |
| 856 |
Электронный адрес документа |
48 |
| q |
Тип электронного формата |
cover |
| u |
URL |
https://urait.ru/book/cover/BD1213EE-5AC5-4E79-86A3-14050EC6DC8A |
| 911 |
|
__ |
| u |
|
0030=https://urait.ru/bcode/583132 |
| 911 |
|
__ |
| u |
|
073a=9785534060065 |
| u |
|
073d=1769.00 |
| 911 |
|
__ |
| u |
|
106a=s |
| 911 |
|
__ |
| u |
|
900l= |
| 952 |
Тип литературы |
__ |
| i |
Дисциплина |
Управленческие решения |
| 952 |
Тип литературы |
__ |
| i |
Дисциплина |
Методы принятия управленческих решений |
| 952 |
Тип литературы |
__ |
| i |
Дисциплина |
Теория и практика принятия управленческих решений |
| 952 |
Тип литературы |
__ |
| i |
Дисциплина |
Методы и модели в принятии управленческих решений |
| 952 |
Тип литературы |
__ |
| i |
Дисциплина |
Принятие управленческих решений |
| 952 |
Тип литературы |
__ |
| i |
Дисциплина |
Разработка и принятие управленческих решений |
| 952 |
Тип литературы |
__ |
| i |
Дисциплина |
Разработка управленческих решений |
| 952 |
Тип литературы |
__ |
| i |
Дисциплина |
Качественные и количественные методы разработки и принятия управленческих решений |
| 952 |
Тип литературы |
__ |
| i |
Дисциплина |
Технология разработки и принятия управленческих решений |
| 952 |
Тип литературы |
__ |
| i |
Дисциплина |
Технология разработки и принятия управленческого решения |
| 952 |
Тип литературы |
__ |
| i |
Дисциплина |
Разработка и реализация управленческих решений |
| 952 |
Тип литературы |
__ |
| i |
Дисциплина |
Разработка управленческого решения |
| 952 |
Тип литературы |
__ |
| i |
Дисциплина |
Методы управленческих решений |
| 952 |
Тип литературы |
__ |
| i |
Дисциплина |
Управленческие решения и ответственность |
| 952 |
Тип литературы |
__ |
| i |
Дисциплина |
Методология принятия управленческого решения |
| 952 |
Тип литературы |
__ |
| i |
Дисциплина |
Формирование управленческого решения в команде |
| 952 |
Тип литературы |
__ |
| i |
Дисциплина |
Информационно-коммуникационное обеспечение разработки и принятия государственных решений |
| 952 |
Тип литературы |
__ |
| i |
Дисциплина |
Современные модели принятия управленческих решений |
| 952 |
Тип литературы |
__ |
| i |
Дисциплина |
Технологии принятия управленческих решений |
| 952 |
Тип литературы |
__ |
| i |
Дисциплина |
Технология принятия управленческих решений |
| 952 |
Тип литературы |
__ |
| i |
Дисциплина |
Основы принятия управленческих решений |
| 952 |
Тип литературы |
__ |
| i |
Дисциплина |
Теория принятия управленческих решений |
| 952 |
Тип литературы |
__ |
| i |
Дисциплина |
Принятие управленческих решений в коммерческой деятельности |
| 952 |
Тип литературы |
__ |
| i |
Дисциплина |
Разработка управленческого решения в государственном и муниципальном управлении |
| 952 |
Тип литературы |
__ |
| i |
Дисциплина |
Организационно-управленческие решения |
| 952 |
Тип литературы |
__ |
| i |
Дисциплина |
Методы оптимальных управленческих решений |
| 952 |
Тип литературы |
__ |
| i |
Дисциплина |
Принятие управленческих решений в органах государственной и муниципальной власти |
| 952 |
Тип литературы |
__ |
| i |
Дисциплина |
Информационное обеспечение управленческих решений |
| 952 |
Тип литературы |
__ |
| i |
Дисциплина |
Теория и методы принятия управленческих решений |
| 952 |
Тип литературы |
__ |
| i |
Дисциплина |
Методы оптимизации управленческих решений |
| 952 |
Тип литературы |
__ |
| i |
Дисциплина |
Методы разработки и принятия управленческих решений |
| 952 |
Тип литературы |
__ |
| i |
Дисциплина |
Аналитическое обеспечение принятия управленческих решений в международном бизнесе |
| 952 |
Тип литературы |
__ |
| i |
Дисциплина |
Управленческие решения в кадровой работе |
| 952 |
Тип литературы |
__ |
| i |
Дисциплина |
Принятие и исполнение управленческих решений |
| 952 |
Тип литературы |
__ |
| i |
Дисциплина |
Техника принятия эффективных управленческих решений в трудовой сфере |
| 952 |
Тип литературы |
__ |
| i |
Дисциплина |
Разработка управленческих решений в кадровой работе |
| 952 |
Тип литературы |
__ |
| i |
Дисциплина |
Теория и практика разработки и принятия управленческих решений |
| 952 |
Тип литературы |
__ |
| i |
Дисциплина |
Деловые коммуникации и практика принятия управленческих решений |
| 952 |
Тип литературы |
__ |
| i |
Дисциплина |
Разработка управленческих решений в проекте |
| 952 |
Тип литературы |
__ |
| i |
Дисциплина |
Разработка управленческих решений в антикризисном управлении |
| 952 |
Тип литературы |
__ |
| i |
Дисциплина |
Управленческие решения в проектах и программах |
| 952 |
Тип литературы |
__ |
| i |
Дисциплина |
Процесс принятия управленческих решений |
| 952 |
Тип литературы |
__ |
| i |
Дисциплина |
Автоматизация управленческих решений в системе управления персоналом |
| 952 |
Тип литературы |
__ |
| i |
Дисциплина |
Автоматизация управленческих решений в системе управления персоналом организаций воздушного транспорта |
| 952 |
Тип литературы |
__ |
| i |
Дисциплина |
Управленческие решения в системе воздушного транспорта |
| 952 |
Тип литературы |
__ |
| i |
Дисциплина |
Современные механизмы разработки и принятия управленческих решений |
| 952 |
Тип литературы |
__ |
| i |
Дисциплина |
Методы принятия управленческих решений, исследование систем управления |
| 952 |
Тип литературы |
__ |
| i |
Дисциплина |
Информационное обеспечение принятия управленческих решений |
| 952 |
Тип литературы |
__ |
| i |
Дисциплина |
Общий менеджмент и принятие управленческих решений |
| 952 |
Тип литературы |
__ |
| i |
Дисциплина |
Принятие управленческих решений в предпринимательстве |
| 952 |
Тип литературы |
__ |
| i |
Дисциплина |
Разработка и принятие управленческих решений в бизнесе |
| 952 |
Тип литературы |
__ |
| i |
Дисциплина |
Методы разработки управленческих решений |
| 952 |
Тип литературы |
__ |
| i |
Дисциплина |
Основы теории принятия управленческих решений |
| 952 |
Тип литературы |
__ |
| i |
Дисциплина |
Документационное обеспечение управленческих решений |
| 952 |
Тип литературы |
__ |
| i |
Дисциплина |
Разработка, принятие и оптимизация управленческих решений в проектной деятельности |
| 952 |
Тип литературы |
__ |
| i |
Дисциплина |
Управленческие решения и коммуникации |
| 952 |
Тип литературы |
__ |
| i |
Дисциплина |
Методы принятии управленческих решений |
| 952 |
Тип литературы |
__ |
| i |
Дисциплина |
Методы принятий управленческих решений |
| 952 |
Тип литературы |
__ |
| i |
Дисциплина |
Методология анализа, принятия и оценки управленческих решений |
| 952 |
Тип литературы |
__ |
| i |
Дисциплина |
Принятие управленческих решений в региональном и местном управлении |
| 952 |
Тип литературы |
__ |
| i |
Дисциплина |
Методы принятия и исполнения управленческих решений |
| 952 |
Тип литературы |
__ |
| i |
Дисциплина |
Теория и практика принятия организационно-управленческих решений |
| 952 |
Тип литературы |
__ |
| i |
Дисциплина |
Принятие управленческих решений в государственном и муниципальном управлении |
| 952 |
Тип литературы |
__ |
| i |
Дисциплина |
Моделирование управленческих решений |
| 952 |
Тип литературы |
__ |
| i |
Дисциплина |
Принятие управленческого решения |